000 01088nam a2200265 a 4500
001
003 DO-SdBNP
005 20250625122351.0
007 ta
008 130308s2018 dr ac 000 0 spa d
020 _a9789945912340
040 _aDO-SdBNP
_bspa
_cBNPHU
082 7 4 _222
_a355.5097293
_bJ58e
100 1 _aJesús Dipre, Pablo de,
_977882
_d1968-
245 1 0 _aEscuela para Cadetes de la Policía Nacional :
_borigen y evolución /
_cPablo de Jesús Dipré ; edición Piero Espinal Estévez ; fotografías Francisco Franco Galán ; prólogo: Damián Arias Matos.
260 _aSan José de las Matas, República Dominicana :
_bOPUS,
_c2018
300 _a301 p. :
_bil., retrs. ;
_c28 cm.
590 _aInventariado, 2018/VM
651 _aRepública Dominica.
_xPolicia Nacional, Escuela Militar de Cadetes
_xHistoria
_978548
700 _aEspinal Estévez, Piero,
_eedición
_93550
700 1 _a Franco Galán, Francisco,
_eFotografías
_977884
700 1 _aArias Matos, Damián
_eprólogo
_973964
910 _aVMateo.Validado. Control de calidad. MAA
942 _2ddc
_cLBS1
999 _c49428
_d49428